<?xml version="1.0" encoding="UTF-8"?>
<record
    xmlns:xsi="http://www.w3.org/2001/XMLSchema-instance"
    xsi:schemaLocation="http://www.loc.gov/MARC21/slim http://www.loc.gov/standards/marcxml/schema/MARC21slim.xsd"
    xmlns="http://www.loc.gov/MARC21/slim">

  <leader>02799nam a22002777a 4500</leader>
  <controlfield tag="003">NALT</controlfield>
  <controlfield tag="005">20230823120151.0</controlfield>
  <controlfield tag="008">220202b        th ||||| |||| 00| 0 tha d</controlfield>
  <datafield tag="040" ind1=" " ind2=" ">
    <subfield code="a">NALT</subfield>
  </datafield>
  <datafield tag="050" ind1=" " ind2=" ">
    <subfield code="a">DS 584</subfield>
    <subfield code="b">&#xE1E;851&#xE2A; 2557</subfield>
  </datafield>
  <datafield tag="100" ind1="0" ind2=" ">
    <subfield code="9">14456</subfield>
    <subfield code="a">&#xE1E;&#xE39;&#xE19;&#xE1E;&#xE34;&#xE28;&#xE21;&#xE31;&#xE22; &#xE14;&#xE34;&#xE28;&#xE01;&#xE38;&#xE25;, </subfield>
    <subfield code="c">&#xE21;.&#xE08;.</subfield>
  </datafield>
  <datafield tag="245" ind1="1" ind2="0">
    <subfield code="a">&#xE2A;&#xE34;&#xE48;&#xE07;&#xE17;&#xE35;&#xE48;&#xE02;&#xE49;&#xE32;&#xE1E;&#xE40;&#xE08;&#xE49;&#xE32;&#xE1E;&#xE1A;&#xE40;&#xE2B;&#xE47;&#xE19; (&#xE23;&#xE27;&#xE21;&#xE40;&#xE25;&#xE48;&#xE21;) /</subfield>
    <subfield code="c">&#xE1E;&#xE23;&#xE30;&#xE19;&#xE34;&#xE1E;&#xE19;&#xE18;&#xE4C;&#xE02;&#xE2D;&#xE07; &#xE2B;&#xE21;&#xE48;&#xE2D;&#xE21;&#xE40;&#xE08;&#xE49;&#xE32;&#xE1E;&#xE39;&#xE19;&#xE1E;&#xE34;&#xE28;&#xE21;&#xE31;&#xE22; &#xE14;&#xE34;&#xE28;&#xE01;&#xE38;&#xE25;.</subfield>
  </datafield>
  <datafield tag="250" ind1=" " ind2=" ">
    <subfield code="a">&#xE1E;&#xE34;&#xE21;&#xE1E;&#xE4C;&#xE04;&#xE23;&#xE31;&#xE49;&#xE07;&#xE17;&#xE35;&#xE48; 2</subfield>
  </datafield>
  <datafield tag="260" ind1=" " ind2=" ">
    <subfield code="a">&#xE01;&#xE23;&#xE38;&#xE07;&#xE40;&#xE17;&#xE1E;&#xE2F; :</subfield>
    <subfield code="b">&#xE21;&#xE15;&#xE34;&#xE0A;&#xE19;,</subfield>
    <subfield code="c">2557.</subfield>
  </datafield>
  <datafield tag="300" ind1=" " ind2=" ">
    <subfield code="a">(15), 463 &#xE2B;&#xE19;&#xE49;&#xE32; :</subfield>
    <subfield code="b">&#xE20;&#xE32;&#xE1E;&#xE1B;&#xE23;&#xE30;&#xE01;&#xE2D;&#xE1A; ;</subfield>
    <subfield code="c">22 &#xE0B;&#xE21;.</subfield>
  </datafield>
  <datafield tag="500" ind1=" " ind2=" ">
    <subfield code="a">&#xE28;&#xE34;&#xE25;&#xE1B;&#xE27;&#xE31;&#xE12;&#xE19;&#xE18;&#xE23;&#xE23;&#xE21;&#xE09;&#xE1A;&#xE31;&#xE1A;&#xE1E;&#xE34;&#xE40;&#xE28;&#xE29; (&#xE09;&#xE1A;&#xE31;&#xE1A;&#xE23;&#xE27;&#xE21;&#xE40;&#xE25;&#xE48;&#xE21;)</subfield>
  </datafield>
  <datafield tag="505" ind1=" " ind2=" ">
    <subfield code="a">&#xE2A;&#xE34;&#xE48;&#xE07;&#xE17;&#xE35;&#xE48;&#xE02;&#xE49;&#xE32;&#xE1E;&#xE40;&#xE08;&#xE49;&#xE32;&#xE1E;&#xE1A;&#xE40;&#xE2B;&#xE47;&#xE19; &#xE1B;&#xE23;&#xE30;&#xE27;&#xE31;&#xE15;&#xE34;&#xE28;&#xE32;&#xE2A;&#xE15;&#xE23;&#xE4C;&#xE40;&#xE1B;&#xE25;&#xE35;&#xE48;&#xE22;&#xE19;&#xE41;&#xE1B;&#xE25;&#xE07;&#xE01;&#xE32;&#xE23;&#xE1B;&#xE01;&#xE04;&#xE23;&#xE2D;&#xE07; 2475 : &#xE1E;&#xE23;&#xE30;&#xE1A;&#xE32;&#xE17;&#xE2A;&#xE21;&#xE40;&#xE14;&#xE47;&#xE08;&#xE1E;&#xE23;&#xE30;&#xE40;&#xE08;&#xE49;&#xE32;&#xE2D;&#xE22;&#xE39;&#xE48;&#xE2B;&#xE49;&#xE27;&#xE23;&#xE31;&#xE0A;&#xE01;&#xE32;&#xE25;&#xE17;&#xE35;&#xE48; 7 -- &#xE40;&#xE28;&#xE23;&#xE29;&#xE10;&#xE01;&#xE34;&#xE08;&#xE15;&#xE01;&#xE15;&#xE48;&#xE33;&#xE41;&#xE25;&#xE30;&#xE40;&#xE2A;&#xE14;&#xE47;&#xE08;&#xE40;&#xE25;&#xE35;&#xE22;&#xE1A;&#xE21;&#xE13;&#xE11;&#xE25;&#xE1D;&#xE48;&#xE32;&#xE22;&#xE40;&#xE2B;&#xE19;&#xE37;&#xE2D; -- &#xE2A;&#xE23;&#xE49;&#xE32;&#xE07;&#xE2A;&#xE30;&#xE1E;&#xE32;&#xE19;&#xE1E;&#xE38;&#xE17;&#xE18;&#xE22;&#xE2D;&#xE14;&#xE1F;&#xE49;&#xE32; &#xE15;&#xE31;&#xE49;&#xE07;&#xE23;&#xE32;&#xE0A;&#xE1A;&#xE31;&#xE13;&#xE11;&#xE34;&#xE15;&#xE22;&#xE4C;&#xE41;&#xE25;&#xE30;&#xE1E;&#xE34;&#xE1E;&#xE34;&#xE18;&#xE20;&#xE31;&#xE13;&#xE11;&#xE4C; -- &#xE40;&#xE1A;&#xE37;&#xE49;&#xE2D;&#xE07;&#xE2B;&#xE25;&#xE31;&#xE07;&#xE40;&#xE1B;&#xE25;&#xE35;&#xE48;&#xE19;&#xE22;&#xE41;&#xE1B;&#xE25;&#xE07;&#xE01;&#xE32;&#xE23;&#xE1B;&#xE01;&#xE04;&#xE23;&#xE2D;&#xE07; 2475 -- &#xE04;&#xE27;&#xE32;&#xE21;&#xE27;&#xE38;&#xE48;&#xE19;&#xE27;&#xE32;&#xE22;&#xE2B;&#xE25;&#xE31;&#xE07;&#xE40;&#xE1B;&#xE25;&#xE35;&#xE48;&#xE22;&#xE19;&#xE41;&#xE1B;&#xE25;&#xE07;&#xE01;&#xE32;&#xE23;&#xE1B;&#xE01;&#xE04;&#xE23;&#xE2D;&#xE07; 2475 -- &#xE23;&#xE31;&#xE0A;&#xE01;&#xE32;&#xE25;&#xE17;&#xE35;&#xE48; 7 &#xE2A;&#xE25;&#xE30;&#xE23;&#xE32;&#xE0A;&#xE2A;&#xE21;&#xE1A;&#xE31;&#xE15;&#xE34;&#xE41;&#xE25;&#xE30;&#xE2A;&#xE34;&#xE49;&#xE19;&#xE1E;&#xE23;&#xE30;&#xE0A;&#xE19;&#xE21;&#xE4C; -- &#xE2A;&#xE34;&#xE48;&#xE07;&#xE17;&#xE35;&#xE48;&#xE02;&#xE49;&#xE32;&#xE1E;&#xE40;&#xE08;&#xE49;&#xE32;&#xE1E;&#xE1A;&#xE40;&#xE2B;&#xE47;&#xE19; &#xE20;&#xE32;&#xE04;&#xE08;&#xE1A; : &#xE04;&#xE27;&#xE32;&#xE21;&#xE40;&#xE2A;&#xE37;&#xE48;&#xE2D;&#xE21; -- &#xE2B;&#xE31;&#xE27;&#xE2B;&#xE34;&#xE19; -- &#xE23;&#xE1A;&#xE01;&#xE31;&#xE19;&#xE40;&#xE2D;&#xE07; -- &#xE1B;&#xE35;&#xE19;&#xE31;&#xE07; -- &#xE40;&#xE2A;&#xE35;&#xE22;&#xE40;&#xE21;&#xE37;&#xE2D;&#xE07; -- &#xE01;&#xE25;&#xE31;&#xE1A;&#xE1A;&#xE49;&#xE32;&#xE19; -- &#xE1E;&#xE32;&#xE22;&#xE38;&#xE1E;&#xE31;&#xE14;&#xE44;&#xE1B; -- &#xE28;&#xE32;&#xE2A;&#xE19;&#xE32;&#xE02;&#xE2D;&#xE07;&#xE02;&#xE49;&#xE32;&#xE1E;&#xE40;&#xE08;&#xE49;&#xE32;</subfield>
  </datafield>
  <datafield tag="600" ind1="0" ind2="4">
    <subfield code="9">14456</subfield>
    <subfield code="a">&#xE1E;&#xE39;&#xE19;&#xE1E;&#xE34;&#xE28;&#xE21;&#xE31;&#xE22; &#xE14;&#xE34;&#xE28;&#xE01;&#xE38;&#xE25;, </subfield>
    <subfield code="c">&#xE21;.&#xE08;.</subfield>
  </datafield>
  <datafield tag="600" ind1="0" ind2="4">
    <subfield code="9">10802</subfield>
    <subfield code="a">&#xE1B;&#xE01;&#xE40;&#xE01;&#xE25;&#xE49;&#xE32;&#xE40;&#xE08;&#xE49;&#xE32;&#xE2D;&#xE22;&#xE39;&#xE48;&#xE2B;&#xE31;&#xE27;, </subfield>
    <subfield code="c">&#xE1E;&#xE23;&#xE30;&#xE1A;&#xE32;&#xE17;&#xE2A;&#xE21;&#xE40;&#xE14;&#xE47;&#xE08;&#xE1E;&#xE23;&#xE30;,</subfield>
    <subfield code="d">2436-2484</subfield>
  </datafield>
  <datafield tag="651" ind1=" " ind2="4">
    <subfield code="9">17728</subfield>
    <subfield code="a">&#xE44;&#xE17;&#xE22;</subfield>
    <subfield code="x">&#xE1B;&#xE23;&#xE30;&#xE27;&#xE31;&#xE15;&#xE34;&#xE28;&#xE32;&#xE2A;&#xE15;&#xE23;&#xE4C;</subfield>
    <subfield code="y">&#xE01;&#xE23;&#xE38;&#xE07;&#xE23;&#xE31;&#xE15;&#xE19;&#xE42;&#xE01;&#xE2A;&#xE34;&#xE19;&#xE17;&#xE23;&#xE4C;, 2394-2475</subfield>
  </datafield>
  <datafield tag="651" ind1=" " ind2="4">
    <subfield code="9">76</subfield>
    <subfield code="a">&#xE44;&#xE17;&#xE22;</subfield>
    <subfield code="x">&#xE01;&#xE32;&#xE23;&#xE40;&#xE21;&#xE37;&#xE2D;&#xE07;&#xE41;&#xE25;&#xE30;&#xE01;&#xE32;&#xE23;&#xE1B;&#xE01;&#xE04;&#xE23;&#xE2D;&#xE07;</subfield>
  </datafield>
  <datafield tag="651" ind1=" " ind2="4">
    <subfield code="9">7234</subfield>
    <subfield code="a">&#xE44;&#xE17;&#xE22; </subfield>
    <subfield code="x">&#xE04;&#xE27;&#xE32;&#xE21;&#xE40;&#xE1B;&#xE47;&#xE19;&#xE2D;&#xE22;&#xE39;&#xE48;&#xE41;&#xE25;&#xE30;&#xE1B;&#xE23;&#xE30;&#xE40;&#xE1E;&#xE13;&#xE35;</subfield>
  </datafield>
  <datafield tag="850" ind1=" " ind2=" ">
    <subfield code="a">NALT</subfield>
  </datafield>
  <datafield tag="942" ind1=" " ind2=" ">
    <subfield code="2">lcc</subfield>
    <subfield code="c">GB</subfield>
  </datafield>
  <datafield tag="998" ind1=" " ind2=" ">
    <subfield code="a">suwanna</subfield>
    <subfield code="h">2378</subfield>
    <subfield code="j">111</subfield>
    <subfield code="k"> &#xE19;&#xE32;&#xE07;&#xE2A;&#xE32;&#xE27;&#xE1E;&#xE08;&#xE1E;&#xE34;&#xE13;  &#xE1E;&#xE23;&#xE21;&#xE40;&#xE2D;&#xE35;&#xE48;&#xE22;&#xE21;</subfield>
  </datafield>
  <datafield tag="999" ind1=" " ind2=" ">
    <subfield code="c">99223</subfield>
    <subfield code="d">99223</subfield>
  </datafield>
  <datafield tag="952" ind1=" " ind2=" ">
    <subfield code="0">0</subfield>
    <subfield code="1">0</subfield>
    <subfield code="2">lcc</subfield>
    <subfield code="4">0</subfield>
    <subfield code="7">0</subfield>
    <subfield code="8">CSEN</subfield>
    <subfield code="a">NALT</subfield>
    <subfield code="b">NALT</subfield>
    <subfield code="c">GEN</subfield>
    <subfield code="d">2022-02-02</subfield>
    <subfield code="l">3</subfield>
    <subfield code="m">3</subfield>
    <subfield code="o">DS 584 &#xE1E;851&#xE2A; 2557</subfield>
    <subfield code="p">0100007056001</subfield>
    <subfield code="r">2024-07-26 00:00:00</subfield>
    <subfield code="s">2023-08-23</subfield>
    <subfield code="w">2022-02-02</subfield>
    <subfield code="y">GB</subfield>
  </datafield>
</record>
